Les Rondalles populars catalanes / ilustrades per en Joan Vila
Publicado:
Barcelona :
Estampat d'en Fidel Giró, pera en R. Miquel y Planas ..., y a sa costa ,
1908
Descripción Física:
VIII, 96 p. : il. ; 19 cm
Materias:
Contes populars catalans
MARC
| LEADER | 00000nam a2200000Ia 4500 | ||
|---|---|---|---|
| 001 | 14637 | ||
| 008 | 160829s1908 xx 000 0 cat d | ||
| 080 | |a L-2-21 | ||
| 245 | |a Les Rondalles populars catalanes / ilustrades per en Joan Vila | ||
| 260 | |a Barcelona : |b Estampat d'en Fidel Giró, pera en R. Miquel y Planas ..., y a sa costa, |c 1908 | ||
| 300 | |a VIII, 96 p. : |b il. ; |c 19 cm | ||
| 590 | |a Inclou pròleg de l'editor. | ||
| 590 | |a Conté: El fill de l'ós ; Les tres filles del rey ; El nen y la nena més bonichs que'l sol que'ns enllumena ; El ruch de les bruixes ; Els tres pretendents ; El gat del gegant ; Niranuneta ; El príncep serpent ; El ruch pecador ; El sabater que devía tres quartos. | ||
| 590 | |a Port. a dues tintes, text emmarcat i il·lustrat | ||
| 650 | |a Contes populars catalans |9 41969 | ||
| 700 | |a Vila, Joan, il. |9 22470 | ||
| 700 | 1 | |a Miquel i Planas, R. |q (Ramon), |d 1874-1950 |9 22471 | |
| 901 | |a Arxiu | ||
| 942 | |n 1 | ||
| 952 | |0 0 |1 0 |4 0 |6 L221 |7 1 |9 42231 |a Arxiu |b Arxiu |d 2016-12-01 |l 0 |o L-2-21 |p 14637 |r 2016-12-01 00:00:00 |w 2016-12-01 |y ARXIU | ||
| 999 | |c 44678 |d 44678 | ||